| 000 | 08441cam a2200685 i 4500 | ||
|---|---|---|---|
| 001 | 21912166 | ||
| 003 | NUST | ||
| 005 | 20220825110002.0 | ||
| 008 | 210222t20202020nyu 000 0 eng d | ||
| 010 | _a 2020301833 | ||
| 015 |
_aGBB9I0239 _2bnb |
||
| 016 | 7 |
_a019600762 _2Uk |
|
| 020 |
_a9781501190407 _q(hardcover) |
||
| 020 |
_a1501190407 _q(hardcover) |
||
| 035 | _a(OCoLC)on1135349936 | ||
| 038 | _aAzhar | ||
| 040 |
_aNjBwBT _beng _cPNX _erda _dPNX _dOCLCO _dJTH _dJQW _dTCH _dWIM _dVP@ _dUAP _dOCLCF _dILC _dYDX _dUKMGB _dIEP _dFLQ _dGZS _dCDX _dXII _dGWL _dMLL _dTXSCH _dIUK _dMFS _dDLC |
||
| 042 | _alccopycat | ||
| 043 | _an-us--- | ||
| 050 | 0 | 0 |
_aJC599.U5 _bF53 2020 |
| 082 | 0 | 4 |
_a323.06073 _223 _bCHA |
| 245 | 0 | 0 |
_aFight of the century : _bwriters reflect on 100 years of landmark ACLU cases / _cedited by Michael Chabon & Ayelet Waldman. |
| 246 | 3 |
_aFight of the century : _bwriters reflect on 100 years of landmark American Civil Liberties Union cases |
|
| 246 | 3 | 0 | _aWriters reflect on 100 years of landmark American Civil Liberties Union cases |
| 250 | _aFirst Avid Reader Press hardcover edition. | ||
| 260 |
_aNew York : _bAvid Reader Press, _c2020 |
||
| 264 | 4 | _c©2020 | |
| 300 |
_axxiv, 305 pages ; _c24 cm |
||
| 336 |
_atext _btxt _2rdacontent |
||
| 337 |
_aunmediated _bn _2rdamedia |
||
| 338 |
_avolume _bnc _2rdacarrier |
||
| 505 | 0 | 0 |
_tStromberg v. California (1931) / _rViet Thanh Nguyen -- _tPowell v. Alabama (1932) and Patterson v. Alabama (1935) / _rJacqueline Woodson -- _tUnited States v. One Book Called "Ulysses" (1933) / _rMichael Chabon -- _tEdwards v. California (1941) / _rAnn Patchett -- _tWest Virginia State Board of Education v. Barnette (1943) / _rBrit Bennett -- _tKorematsu v. United States (1944) / _rSteven Ozazaki -- _tHannegan v. Esquire (1946) / _rDaniel Handler -- _tTerminello v. City of Chicago (1949) / _rGeraldine Brooks -- _tBrown v. Board of Education of Topkea (1954) / _rYaa Gyasi -- _tGideon v. Wainwright (1963) / _rSergio De La Pava -- _tEscobedo v. Illinois (1964) / _rDave Eggers -- _tNew York Times Co. v. Sullivan (1964) / _rTimothy Egan -- _tLamont v. Postmaster General (1965) / _rYiyun Li -- _tGriswold v. Connecticut (1965) / _rMeg Wolitzer -- _tMiranda v. Arizona (1966) / _rHectar Tobar -- _tLoving v. Virginia (1967) / _rAlexksandar Hemon -- _tTinker v. Des Moines Independent Community School District (1969) / _rElizabeth Strout -- _tGregory v. City of Chicago (1969) / _rAdrian Nicole LeBlanc -- _tStreet v. New York (1969) / _rRabih Alameddine -- _tBrandenberg v. Ohio (1969) / _rMoriel Rothman-Zecher -- _tCohen v. California (1971) / _rJonathan Lethem -- _tNew York Times Co. v. United States (1971) / _rSalman Rushdie -- _tRoe v. Wade (1973) and Doe v. Bolton (1973) / _rLauren Groff -- _tO'Connor v. Donaldson (1975) / _rAyelet Waldman -- _tWeinberger v. Wiesenfeld (1975) / _rJennifer Egan -- _tBuckley v. Valeo (1976) / _rScott Turow -- _tBob Jones University v. United States (1983) / _rMorgan Parker -- _tChurch of the Lukumi Babalu Aye v. City of Hialeah (1993) / _rVictor Lavalle -- _tHurley v. Irish-American Gay, Lesbian, and Bisexual Group of Boston (1995) / _rMichael Cunningham -- _tReno v. ACLU(1997) and Ashcroft v. ACLU (2004) / _rNeil Gaiman -- _tCity of Chicago v. Morales (1999) / _rJesmyn Ward -- _tZadvydas v. David (2001) / _rMoses Sumney -- _tImmigration and Naturalization Service v. St. Cyr (2001) / _rGeorge Saunders -- _tLawrence v. Texas (2003) / _rMarlon James -- _tRasul v. Bush (2004) / _rWilliam Finnegan -- _tKitzmiller v. Dover Area School District (2005) / _rAnthony Doerr -- _tSchroer v. Billington (2008) / _rCharlie Jane Anders -- _tAdoptive Couple v. Baby Girl (2013) / _rBrenda J. Child -- _tUnited States v. Windsor (2013) / _rAndrew Sean Greer -- _tACLU v. United States Department of Defense, et al. (2018) / _rLouise Erdrich. |
| 520 | _aTo mark its 100-year anniversary, the American Civil Liberties Union partners with award-winning authors Michael Chabon and Ayelet Waldman to bring together many of our greatest living writers, each contributing an original piece inspired by a historic ACLU case. On January 19, 1920, a small group of idealists and visionaries, including Helen Keller, Jane Addams, Roger Baldwin, and Crystal Eastman, founded the American Civil Liberties Union. A century after its creation, the ACLU remains the nation's premier defender of the rights and freedoms guaranteed by the Constitution. In collaboration with the ACLU, authors Michael Chabon and Ayelet Waldman have curated an anthology of essays about landmark cases in the organization's one-hundred-year history. Fight of the Century takes you inside the trials and the stories that have shaped modern life. Some of the most prominent cases that the ACLU has been involved in--Brown v. Board of Education, Roe v. Wade, Miranda v. Arizona--need little introduction. Others you may never even have heard of, yet their outcomes quietly defined the world we live in now. Familiar or little-known, each case springs to vivid life in the hands of the acclaimed writers who dive into the history, narrate their personal experiences, and debate the questions at the heart of each issue. Hector Tobar introduces us to Ernesto Miranda, the felon whose wrongful conviction inspired the now-iconic Miranda rights--which the police would later read to the man suspected of killing him. Yaa Gyasi confronts the legacy of Brown v. Board of Education, in which the ACLU submitted a friend of- the-court brief questioning why a nation that has sent men to the moon still has public schools so unequal that they may as well be on different planets. True to the ACLU's spirit of principled dissent, Scott Turow offers a blistering critique of the ACLU's stance on campaign finance. These powerful stories, along with essays from Neil Gaiman, Meg Wolitzer, Salman Rushdie, Ann Patchett, Viet Thanh Nguyen, Louise Erdrich, George Saunders, and many more, remind us that the issues the ACLU has engaged over the past one hundred years remain as vital as ever today, and that we can never take our liberties for granted. Chabon and Waldman are donating their advance to the ACLU and the contributors are forgoing payment. | ||
| 520 | _a"To mark its 100-year anniversary, the American Civil Liberties Union asked authors to contribute an original piece inspired by a historic ACLU case. Since its founding on January 19, 1920, the ACLU remains the nation's premier defender of the rights and freedoms guaranteed by the Constitution. This collection takes readers inside the trials and the stories that have shaped modern life. Some are the most prominent cases that the ACLU has been involved in; others you may never even have heard of, yet their outcomes quietly defined the world we live in now"--Adapted from the book jacket. | ||
| 610 | 2 | 0 |
_aAmerican Civil Liberties Union. _995967 |
| 610 | 2 | 7 |
_aAmerican Civil Liberties Union. _2fast _0(OCoLC)fst00534874 _995967 |
| 650 | 0 |
_aCivil rights _zUnited States _xCases. _995968 |
|
| 650 | 7 |
_aLITERARY COLLECTIONS / Essays. _2bisacsh _995969 |
|
| 650 | 7 |
_aPOLITICAL SCIENCE / Civil Rights. _2bisacsh _995970 |
|
| 650 | 7 |
_aHISTORY / United States / General. _2bisacsh _993652 |
|
| 650 | 7 |
_aCivil rights. _2fast _0(OCoLC)fst00862627 _985538 |
|
| 650 | 7 |
_aCivil rights _zUnited States. _2sears _995971 |
|
| 651 | 7 |
_aUnited States. _2fast _0(OCoLC)fst01204155 |
|
| 655 | 7 |
_aTrials, litigation, etc. _2fast _0(OCoLC)fst01423712 |
|
| 700 | 1 |
_aChabon, Michael, _eeditor. _995972 |
|
| 700 | 1 |
_aWaldman, Ayelet, _eeditor. _995973 |
|
| 700 | 1 | 2 |
_aNguyen, Viet Thanh, _d1971- _tStromberg v. California (1931) _995974 |
| 700 | 1 | 2 |
_aWoodson, Jacqueline. _tPowell v. Alabama (1932) and Patterson v. Alabama (1935) _995975 |
| 700 | 1 | 2 |
_aChabon, Michael. _tUnited States v. One book called "Ulysses" (1933) _995976 |
| 700 | 1 | 2 |
_aPatchett, Ann. _tEdwards v. California (1941) _995977 |
| 700 | 1 | 2 |
_aBennett, Brit. _tWest Virginia State Board of Education v. Barnette (1943) _995978 |
| 700 | 1 | 2 |
_aOkazaki, Steven. _tKorematsu v. United States (1944) _995979 |
| 700 | 1 | 2 |
_aHandler, Daniel. _tHannegan v. Esquire (1946) _995980 |
| 700 | 1 | 2 |
_aBrooks, Geraldine. _tTerminiello v. City of Chicago (1949) _995981 |
| 700 | 1 | 2 |
_aGyasi, Yaa. _tBrown v. Board of Education of Topeka (1954) _995982 |
| 700 | 1 | 2 |
_aPava, Sergio de la. _tGideon v. Wainwright (1963) _995983 |
| 906 |
_a7 _bcbc _ccopycat _d3 _encip _f20 _gy-gencatlg |
||
| 942 |
_2ddc _cLC |
||
| 999 |
_c590717 _d590717 |
||